Social research and problems of rural development in south-east Asia : proceedings of a seminar organized by the Viet-Namese National Commission for Unesco, under the auspices of Unesco and the Food and Agriculture Organization of the United Nations in Saigon (Viet-Nam), 18 to 26 March 1960

Salvato in:
Dettagli Bibliografici
Natura: Libro
Lingua:Undetermined
Pubblicazione: Paris Unesco 1963
Soggetti:
Tags: Aggiungi Tag
Nessun Tag, puoi essere il primo ad aggiungerne! !
Thư viện lưu trữ: Trung tâm Học liệu Trường Đại học Cần Thơ
LEADER 00770nam a2200193Ia 4500
001 CTU_93516
008 210402s9999 xx 000 0 und d
082 |a 307.14 
082 |b S678 
245 0 |a Social research and problems of rural development in south-east Asia : 
245 0 |b proceedings of a seminar organized by the Viet-Namese National Commission for Unesco, under the auspices of Unesco and the Food and Agriculture Organization of the United Nations in Saigon (Viet-Nam), 18 to 26 March 1960 
245 0 |c Edited by Vu Quôc Thuc, K.F. Walker 
260 |a Paris 
260 |b Unesco 
260 |c 1963 
650 |a Community development 
650 |z Asia, southeastern 
904 |i Bằng 
980 |a Trung tâm Học liệu Trường Đại học Cần Thơ